UM Logo

Rody to athletes: develop discipline, patriotism/ (Record no. 9682)

MARC details
000 -LEADER
fixed length control field 00363nam a2200121 4500
008 - FIXED-LENGTH DATA ELEMENTS--GENERAL INFORMATION
fixed length control field 180713b ||||| |||| 00| 0 eng d
100 ## - MAIN ENTRY--PERSONAL NAME
9 (RLIN) 28675
Personal name Romero, Alexis
245 ## - TITLE STATEMENT
Title Rody to athletes: develop discipline, patriotism/
Statement of responsibility, etc. Alexis Romero
260 ## - PUBLICATION, DISTRIBUTION, ETC. (IMPRINT)
Place of publication, distribution, etc. Philippines
Name of publisher, distributor, etc. The Phillippine Star
Date of publication, distribution, etc. c2017
300 ## - PHYSICAL DESCRIPTION
Extent page 19.
650 #0 - SUBJECT ADDED ENTRY--TOPICAL TERM
9 (RLIN) 28676
Topical term or geographic name as entry element Sports.
942 ## - ADDED ENTRY ELEMENTS (KOHA)
Source of classification or shelving scheme Dewey Decimal Classification
Koha item type Periodicals
Holdings
Withdrawn status Lost status Source of classification or shelving scheme Damaged status Not for loan Collection code Home library Current library Date acquired Total Checkouts Date last seen Price effective from Koha item type Public note
    Dewey Decimal Classification     Periodicals UM Digos College - LIC UM Digos College - LIC 07/13/2018   07/13/2018 07/13/2018 Periodicals Newspaper Clippings